000 00597nam a2200229Ia 4500
005 20250425161618.0
008 250425s9999 xx 000 0 und d
020 _a007028735X
041 _aeng
082 _a620.00212
100 _aHICKS, TYLER G.
245 0 _aSTANDARD HANDBOOK OF ENGINEERING CALCULATIONS
250 _a2ND ED.
260 _aEstados Unidos
_bMcGRAW-HILL
_c1985
260 _aNEW YORK
300 _a1299
650 _aELECTRICIDAD-MANUALES
650 _aINGENIERIA MATEMATICA-MANUALES
650 _aINGENIERIA MECANICA-MANUALES
942 _c01
010 _a24227
999 _c212569
_d212569